000 00549nam a2200133 4500
008 305.488.960.73 W361w
020 _a9780872731837
082 _a305.488.960.73
_bW361w
100 _aBrooklyn Museum
_96204
245 _aWe Wanted a Revolution: Black Radical Women 1965-85
_bA Surcebook
300 _a320 p.
_bill (col)
_c26.5 x 20 cm.
650 _xsociologĂ­a
_xgrupos de personas
_xmujer
_xafroamericanas
_xmujeres autoras
_xmujer afroamericana
_xliteratura feminista
_xfeminismo
_xhistoria
_96205
700 _aMorris, Catherine & Hockley, Rujeko (editoras)
_96206
999 _c1409
_d1409